[Event "IX Open"]
[Site "Padova ITA"]
[Date "2006.12.17"]
[Round "2"]
[White "Kizov, Atanas"]
[Black "Del Monaco, Andrea"]
[Result "1-0"]
[WhiteElo "2390"]
[BlackElo "2248"]
[PlyCount "67"]
[EventDate "2006.12.16"]

1. d4 Nf6 2. Nf3 b6 3. c4 e6 4. a3 Ba6 5. Qb3 Be7 6. Nc3 d5 7. cxd5 Nxd5 8. Bd2
O-O 9. g3 Nxc3 10. Bxc3 Nd7 11. Bg2 Bb7 12. O-O Be4 13. Rfd1 Qc8 14. Bh3 Bd5
15. Qc2 Qb7 16. Nd2 f5 17. f3 Bg5 18. Qd3 c5 19. e4 Bxd2 20. Qxd2 fxe4 21. fxe4
Bxe4 22. Bxe6+ Kh8 23. d5 Nf6 24. d6 Bf3 25. Bxf6 Rxf6 26. d7 Rd8 27. Re1 Rff8
28. Qd6 c4 29. Bh3 b5 30. Re3 Bc6 31. Rd1 a5 32. Qxf8+ Rxf8 33. d8=Q Qf7 34.
Qd2 1-0

[Event "IX Open"]
[Site "Padova ITA"]
[Date "2006.12.17"]
[Round "2"]
[White "Lazic, Miroljub"]
[Black "Carini, Massimo"]
[Result "1-0"]
[WhiteElo "2465"]
[BlackElo "2176"]
[PlyCount "91"]
[EventDate "2006.12.16"]

1. e4 e5 2. Bc4 Nf6 3. d3 c6 4. Bb3 Be7 5. Nf3 O-O 6. O-O Qc7 7. Re1 d6 8. c3
Nbd7 9. Nbd2 b5 10. Nf1 a5 11. Ng3 Nb6 12. h3 a4 13. Bc2 Re8 14. d4 Nc4 15. Nd2
Nb6 16. Ndf1 Nc4 17. Ne3 Nxe3 18. Bxe3 Bf8 19. f4 Bb7 20. Qf3 c5 21. Rac1 Nd7
22. fxe5 dxe5 23. d5 Nb6 24. Rcd1 Nc4 25. Bc1 Nd6 26. Nf1 Bc8 27. Ne3 g6 28. a3
c4 29. Bb1 Bg7 30. Nc2 Rf8 31. Nb4 Bd7 32. Be3 f5 33. exf5 Bxf5 34. Qe2 Bd7 35.
Bf2 Rf7 36. Bg3 Re8 37. Rf1 Nf5 38. Bh2 Ref8 39. Kh1 Qc5 40. Rde1 Qe7 41. Nc6
Bxc6 42. dxc6 Qc5 43. Be4 Bh6 44. Rf3 Bf4 45. g3 Bh6 46. Bg1 1-0

[Event "IX Open"]
[Site "Padova ITA"]
[Date "2006.12.17"]
[Round "2"]
[White "Mazzella, Riccardo"]
[Black "Dragojlovic, Andjelko"]
[Result "0-1"]
[WhiteElo "1371"]
[BlackElo "2383"]
[PlyCount "44"]
[EventDate "2006.12.16"]

1. d4 g6 2. e4 Bg7 3. Nf3 d6 4. Be2 Nf6 5. Nc3 c5 6. O-O cxd4 7. Nxd4 O-O 8.
Be3 Nc6 9. Qd2 Ng4 10. h3 Nxe3 11. fxe3 Bd7 12. Bc4 Ne5 13. Bb3 Rc8 14. Nf3 Nc4
15. Qe2 b5 16. Ng5 e6 17. Nxf7 Qe7 18. Bxc4 bxc4 19. Qd2 Rxf7 20. Rxf7 Kxf7 21.
b3 cxb3 22. Rf1+ Kg8 0-1

[Event "IX Open"]
[Site "Padova ITA"]
[Date "2006.12.17"]
[Round "2"]
[White "Navarro, Stefano"]
[Black "Laketic, Gojko"]
[Result "1/2-1/2"]
[WhiteElo "2228"]
[BlackElo "2441"]
[PlyCount "95"]
[EventDate "2006.12.16"]

1. e4 e5 2. Nf3 Nc6 3. c3 d5 4. Qa4 Bd7 5. exd5 Nd4 6. Qd1 Nxf3+ 7. Qxf3 Nf6 8.
Bc4 e4 9. Qe2 Qe7 10. O-O O-O-O 11. d3 Bf5 12. Re1 Qd7 13. dxe4 Bxe4 14. Be3
Bxd5 15. Bxd5 Nxd5 16. c4 Nxe3 17. Qxe3 Qd4 18. Nc3 Qxe3 19. Rxe3 Bc5 20. Re2
Rhe8 21. Rxe8 Rxe8 22. Kf1 Bd4 23. Rc1 c6 24. Rc2 Kc7 25. Ne2 Bc5 26. Nf4 Bd6
27. Nh5 Bf8 28. Nf4 Re4 29. g3 a5 30. b3 Bd6 31. Nd3 Ba3 32. Re2 Rd4 33. Re3 b5
34. cxb5 cxb5 35. Ke2 Rd7 36. Ne5 Re7 37. Nd3 Kc6 38. Rxe7 Bxe7 39. Ke3 Kd5 40.
Nf4+ Kd6 41. Ke4 g6 42. g4 Bf6 43. h3 Bb2 44. Nd3 Bc3 45. f4 f6 46. f5 g5 47.
Nc1 a4 48. Nd3 1/2-1/2

[Event "IX Open"]
[Site "Padova ITA"]
[Date "2006.12.17"]
[Round "2"]
[White "Palumbo, Giuseppe"]
[Black "Battagin, Mose'"]
[Result "0-1"]
[WhiteElo "1592"]
[BlackElo "1847"]
[PlyCount "36"]
[EventDate "2006.12.16"]

1. e4 d6 2. d4 Nf6 3. Bd3 g6 4. Ne2 Bg7 5. f3 c5 6. d5 Na6 7. a3 Nc7 8. c4 O-O
9. Nbc3 e6 10. Be3 exd5 11. exd5 Re8 12. Qd2 b5 13. Bh6 bxc4 14. Bxg7 cxd3 15.
Bxf6 Qxf6 16. Qxd3 Ba6 17. Qd2 Rxe2+ 18. Nxe2 Re8 0-1

[Event "IX Open"]
[Site "Padova ITA"]
[Date "2006.12.17"]
[Round "2"]
[White "Vuelban, Virgilio"]
[Black "Luciani, Valerio"]
[Result "1/2-1/2"]
[WhiteElo "2341"]
[BlackElo "2229"]
[PlyCount "32"]
[EventDate "2006.12.16"]

1. e4 e6 2. d4 d5 3. Nc3 Bb4 4. e5 c5 5. a3 Bxc3+ 6. bxc3 Ne7 7. Qg4 Qc7 8. Bd3
cxd4 9. Ne2 dxc3 10. Qxg7 Rg8 11. Qxh7 Nbc6 12. O-O Qxe5 13. Bf4 Qf6 14. h4 Rh8
15. Bg5 Qe5 16. Bf4 Qf6 1/2-1/2

[Event "IX Open"]
[Site "Padova ITA"]
[Date "2006.12.18"]
[Round "3"]
[White "Battagin, Mose'"]
[Black "Camosi, Roberto"]
[Result "1-0"]
[WhiteElo "1847"]
[BlackElo "1694"]
[PlyCount "63"]
[EventDate "2006.12.16"]

1. e4 e5 2. Nf3 Nc6 3. Bc4 Nf6 4. d3 h6 5. c3 Bc5 6. b4 Bb6 7. b5 Na5 8. Nxe5
O-O 9. Bb3 Nxb3 10. axb3 d5 11. O-O dxe4 12. d4 Be6 13. Be3 Nd7 14. Nc4 Qf6 15.
Qh5 Rfd8 16. Nbd2 Bf5 17. f3 Bg6 18. Qh3 Qe7 19. fxe4 Bxe4 20. Rae1 Bg6 21.
Bxh6 Qf8 22. Bg5 Nf6 23. Rxf6 Rxd4 24. Nxb6 Rxd2 25. Nxa8 gxf6 26. Bxd2 Qd8 27.
Qe3 Qxa8 28. Qe8+ Qxe8 29. Rxe8+ Kg7 30. Re7 Bd3 31. Rxc7 Bxb5 32. Rxb7 1-0

[Event "IX Open"]
[Site "Padova ITA"]
[Date "2006.12.18"]
[Round "3"]
[White "Belloni, Umberto"]
[Black "Contini, Davide"]
[Result "1/2-1/2"]
[WhiteElo "1908"]
[BlackElo "2236"]
[PlyCount "35"]
[EventDate "2006.12.16"]

1. d4 Nf6 2. Bg5 c6 3. c3 d6 4. Qc2 Qa5 5. Bxf6 exf6 6. e3 Bf5 7. Bd3 Bxd3 8.
Qxd3 Be7 9. Nd2 Qg5 10. g3 Qg6 11. Qxg6 fxg6 12. h4 Nd7 13. Ne2 d5 14. c4 Nb6
15. cxd5 Nxd5 16. a3 O-O 17. O-O Rae8 18. Nc3 1/2-1/2

[Event "IX Open"]
[Site "Padova ITA"]
[Date "2006.12.18"]
[Round "3"]
[White "Cardili, Mariano"]
[Black "Palumbo, Giuseppe"]
[Result "1-0"]
[WhiteElo "2079"]
[BlackElo "1592"]
[PlyCount "55"]
[EventDate "2006.12.16"]

1. d4 Nf6 2. c4 g6 3. Nc3 c5 4. d5 e6 5. e4 exd5 6. cxd5 d6 7. Nf3 Bg4 8. Be2
Bg7 9. O-O O-O 10. h3 Bxf3 11. Bxf3 a6 12. a4 Nbd7 13. Re1 Re8 14. Qc2 Rb8 15.
a5 h6 16. Bf4 Qc7 17. Bg3 Rbd8 18. Be2 g5 19. Bg4 Nxg4 20. hxg4 Ne5 21. f3 Nc4
22. Nd1 Bd4+ 23. Bf2 Bxf2+ 24. Kxf2 Ne5 25. Ne3 Kh7 26. Nf5 Rh8 27. Rh1 Kg6 28.
g3 1-0

[Event "IX Open"]
[Site "Padova ITA"]
[Date "2006.12.18"]
[Round "3"]
[White "Carini, Massimo"]
[Black "Ceccato, Alessandro"]
[Result "1-0"]
[WhiteElo "2176"]
[BlackElo "1700"]
[PlyCount "98"]
[EventDate "2006.12.16"]

1. e4 c5 2. Nf3 e6 3. c3 Nc6 4. d4 cxd4 5. cxd4 Nf6 6. e5 Nd5 7. a3 a6 8. Nc3
Nxc3 9. bxc3 d6 10. Bd3 dxe5 11. Nxe5 Nxe5 12. dxe5 Qa5 13. O-O Qxe5 14. Re1
Qd6 15. Qf3 Be7 16. Bf4 Qc5 17. Re5 Qa7 18. Rh5 h6 19. Be5 Bd7 20. Be4 O-O-O
21. Rb1 b5 22. c4 f5 23. Bc6 Bf6 24. Bxd7+ Kxd7 25. Bxf6 gxf6 26. cxb5 axb5 27.
Rxb5 Rb8 28. Rxb8 Qxb8 29. g3 Qb1+ 30. Kg2 Qe4 31. Rh4 Qxf3+ 32. Kxf3 e5 33.
Rb4 Ke7 34. a4 Kf7 35. a5 Rc8 36. Rb3 Kg6 37. a6 Ra8 38. Ra3 Kg5 39. h4+ Kg6
40. a7 h5 41. Ke3 Kf7 42. Ra6 Kg6 43. Kd3 Kf7 44. Kc4 f4 45. gxf4 exf4 46. Kd5
Kg6 47. Ke4 Kf7 48. Kxf4 Kg6 49. f3 Kf7 1-0

[Event "IX Open"]
[Site "Padova ITA"]
[Date "2006.12.18"]
[Round "3"]
[White "De Santis, Alessio"]
[Black "Navarro, Stefano"]
[Result "1-0"]
[WhiteElo "2337"]
[BlackElo "2228"]
[PlyCount "87"]
[EventDate "2006.12.16"]

1. d4 d5 2. c4 e6 3. Nc3 Nf6 4. Nf3 Nbd7 5. e3 c6 6. Qc2 Bd6 7. g4 Nxg4 8. Rg1
h5 9. h3 Nh6 10. Bd2 Bf8 11. O-O-O Nf6 12. Ne5 Nf5 13. Bd3 g6 14. Kb1 Bg7 15.
Ne2 O-O 16. Bb4 Re8 17. Nf4 a5 18. Bc3 dxc4 19. Bxc4 b5 20. Be2 Bb7 21. e4 Ne7
22. Nxf7 Kxf7 23. e5 Nfd5 24. Nxg6 Rh8 25. Nxh8+ Qxh8 26. Rg5 Nf4 27. Rdg1 Rg8
28. Qe4 Nxe2 29. Qxe2 Qh7+ 30. Ka1 Bf8 31. Qf3+ Ke8 32. Rxg8 Nxg8 33. Bxa5 Ne7
34. Bb4 Qf7 35. Qe2 Nf5 36. Bc5 Qh7 37. a3 Be7 38. Qd2 h4 39. Rg5 Qh8 40. Qb4
Qh7 41. a4 Bxc5 42. Qxc5 bxa4 43. Qa7 Qe7 44. Qb8+ 1-0

[Event "IX Open"]
[Site "Padova ITA"]
[Date "2006.12.18"]
[Round "3"]
[White "Del Monaco, Andrea"]
[Black "Giordan, Daniele"]
[Result "1-0"]
[WhiteElo "2248"]
[BlackElo "1897"]
[PlyCount "43"]
[EventDate "2006.12.16"]

1. e4 d6 2. d4 Nf6 3. Nc3 c6 4. f4 Qa5 5. Bd3 Bg4 6. Nf3 e6 7. h3 Bxf3 8. Qxf3
d5 9. e5 Nfd7 10. O-O Na6 11. a3 O-O-O 12. Be3 Nab8 13. b4 Qc7 14. f5 f6 15.
fxe6 Nxe5 16. dxe5 fxe5 17. Qg4 Be7 18. Rf7 e4 19. Nxe4 dxe4 20. Bxe4 Rde8 21.
Rd1 Rd8 22. Rd7 1-0

[Event "IX Open"]
[Site "Padova ITA"]
[Date "2006.12.18"]
[Round "3"]
[White "Dragojlovic, Andjelko"]
[Black "Dervishi, Erald"]
[Result "0-1"]
[WhiteElo "2383"]
[BlackElo "2545"]
[PlyCount "56"]
[EventDate "2006.12.16"]

1. e4 e5 2. Nc3 Nf6 3. g3 d5 4. exd5 Nxd5 5. Bg2 Nxc3 6. bxc3 Be7 7. Ne2 O-O 8.
O-O c6 9. d4 Bf6 10. Rb1 Qc7 11. Be3 Be6 12. a4 Rd8 13. Qc1 Nd7 14. a5 Qxa5 15.
dxe5 Nxe5 16. Nf4 Bc4 17. Re1 Ng4 18. Bd4 Bxd4 19. cxd4 Re8 20. c3 Qa2 21. Nh3
Ba6 22. Qg5 Nf6 23. Nf4 h6 24. Qc5 Rxe1+ 25. Rxe1 Qd2 26. Ra1 Re8 27. Rxa6 Re1+
28. Bf1 Ne4 0-1

[Event "IX Open"]
[Site "Padova ITA"]
[Date "2006.12.18"]
[Round "3"]
[White "Laketic, Gojko"]
[Black "Dvirnyy, Danyyil"]
[Result "1-0"]
[WhiteElo "2441"]
[BlackElo "2323"]
[PlyCount "87"]
[EventDate "2006.12.16"]

1. d4 Nf6 2. Nf3 g6 3. c4 Bg7 4. Nc3 d6 5. e4 O-O 6. Be2 e5 7. d5 a5 8. Bg5 h6
9. Bh4 Na6 10. Nd2 Qe8 11. a3 Bd7 12. b3 Nh7 13. Rb1 h5 14. f3 Bh6 15. Bf2 f5
16. b4 axb4 17. axb4 b6 18. Rb2 Nf6 19. Bd3 h4 20. Bxh4 Be3 21. Bf2 Bd4 22. Qb3
Ng4 23. Bxd4 exd4 24. fxg4 dxc3 25. Qxc3 fxe4 26. Nxe4 Bxg4 27. h3 Bd7 28. Rf1
Qe7 29. Rf6 Bf5 30. Re2 Qg7 31. Rxf8+ Rxf8 32. Kd2 Bxe4 33. Bxe4 Qh6+ 34. Kc2
Rf1 35. Kb3 Nb8 36. Bd3 Nd7 37. Re6 Rc1 38. Rxg6+ Qxg6 39. Bxg6 Rxc3+ 40. Kxc3
Kg7 41. Be4 Kf6 42. Kd4 Kg5 43. g3 Nf6 44. Bf3 1-0

[Event "IX Open"]
[Site "Padova ITA"]
[Date "2006.12.18"]
[Round "3"]
[White "Litrico, Paolo"]
[Black "Vuelban, Virgilio"]
[Result "0-1"]
[WhiteElo "1691"]
[BlackElo "2341"]
[PlyCount "57"]
[EventDate "2006.12.16"]

1. d4 Nf6 2. c3 g6 3. Nf3 Bg7 4. Nbd2 O-O 5. e4 d6 6. Bd3 Nbd7 7. O-O e5 8. Re1
Re8 9. b3 Nh5 10. Bb2 Nf8 11. h3 Nf4 12. Nf1 N8e6 13. Ng3 Qf6 14. Bc4 h5 15.
Re3 Bh6 16. Bf1 h4 17. Nh1 Nh5 18. dxe5 dxe5 19. Rd3 Nhf4 20. Rd2 Ng5 21. Nh2
Nxe4 22. Rc2 Bf5 23. Ng4 Qg7 24. Nxh6+ Qxh6 25. Rcc1 Rad8 26. Qf3 Nd2 27. Qxb7
Be4 28. Qxc7 Qg5 29. g3 0-1

[Event "IX Open"]
[Site "Padova ITA"]
[Date "2006.12.18"]
[Round "3"]
[White "Luciani, Valerio"]
[Black "Lazic, Miroljub"]
[Result "0-1"]
[WhiteElo "2229"]
[BlackElo "2465"]
[PlyCount "64"]
[EventDate "2006.12.16"]

1. d4 d5 2. c4 e6 3. Nc3 c6 4. cxd5 exd5 5. f3 Bd6 6. g3 h5 7. Nh3 h4 8. Bg5
Ne7 9. Bf4 hxg3 10. hxg3 Bxf4 11. gxf4 Nf5 12. Qd3 Ng3 13. Rg1 Nxf1 14. Ng5 Ng3
15. O-O-O Nh5 16. f5 Qf6 17. e4 Na6 18. Rde1 Kf8 19. Qd2 Bd7 20. Rh1 Re8 21.
Re2 Bxf5 22. Reh2 Bg6 23. exd5 cxd5 24. a3 Rh6 25. Nxd5 Qf5 26. Nc3 Qf4 27.
Qxf4 Nxf4 28. Rxh6 gxh6 29. Rxh6 Kg7 30. Rh2 Nc7 31. Kd2 Ncd5 32. Nce4 f6 0-1

[Event "IX Open"]
[Site "Padova ITA"]
[Date "2006.12.18"]
[Round "3"]
[White "Naumkin, Igor"]
[Black "Kizov, Atanas"]
[Result "1/2-1/2"]
[WhiteElo "2495"]
[BlackElo "2390"]
[PlyCount "75"]
[EventDate "2006.12.16"]

1. d4 d5 2. c4 dxc4 3. Nf3 c5 4. d5 e6 5. e4 exd5 6. exd5 Nf6 7. Bxc4 Bd6 8.
O-O O-O 9. Bg5 a6 10. a4 Bg4 11. Nc3 Nbd7 12. Ne4 Be5 13. Be2 Bxf3 14. Bxf3 Qb8
15. d6 Nxe4 16. Bxe4 Nf6 17. Bxf6 Bxf6 18. Qd5 Bd4 19. Ra3 g6 20. Rb3 Ra7 21.
Rb6 Qd8 22. a5 Re8 23. Bd3 Re5 24. Qf3 Qd7 25. Bc4 Rf5 26. Qe2 Re5 27. Qd1 Rf5
28. Kh1 Rf6 29. f4 Ra8 30. f5 Re8 31. fxg6 Rxf1+ 32. Qxf1 hxg6 33. h3 Kg7 34.
Bd5 Rb8 35. Qf3 Qe8 36. Qf1 Qd7 37. Qf3 Qe8 38. Qf1 1/2-1/2

[Event "IX Open"]
[Site "Padova ITA"]
[Date "2006.12.18"]
[Round "3"]
[White "Rossi, Giampiero"]
[Black "Mazzella, Riccardo"]
[Result "1-0"]
[WhiteElo "1976"]
[BlackElo "1371"]
[PlyCount "27"]
[EventDate "2006.12.16"]

1. d4 d5 2. c4 c6 3. cxd5 cxd5 4. Nc3 e6 5. Nf3 Nf6 6. Bf4 Bb4 7. Bxb8 Rxb8 8.
Qa4+ Bd7 9. Qxb4 b6 10. e3 a5 11. Qd6 Qc8 12. Ne5 b5 13. Nxd7 Nxd7 14. Bxb5 1-0

[Event "IX Open"]
[Site "Padova ITA"]
[Date "2006.12.18"]
[Round "3"]
[White "Zanini, Andrea"]
[Black "Canazza, Alessandro"]
[Result "0-1"]
[WhiteElo "1700"]
[BlackElo "2064"]
[PlyCount "146"]
[EventDate "2006.12.16"]

1. Nf3 d5 2. d4 e6 3. e3 c5 4. c4 Nc6 5. Nc3 Nf6 6. Be2 dxc4 7. Bxc4 cxd4 8.
exd4 Be7 9. O-O O-O 10. Bg5 a6 11. a3 b5 12. Ba2 Bb7 13. b4 h6 14. Bh4 Nd5 15.
Bxe7 Ncxe7 16. Nxd5 Bxd5 17. Bxd5 Qxd5 18. Re1 Rfd8 19. Qd3 Rac8 20. Rac1 Rxc1
21. Rxc1 Nc6 22. Rc5 Qd6 23. d5 exd5 24. Nd4 Nxd4 25. Qxd4 Qe6 26. g3 Rd6 27.
Qc3 d4 28. Rc8+ Kh7 29. Qd3+ Qg6 30. Qd2 Qe4 31. h4 d3 32. Rf8 Rd7 33. Rc8 Qe2
34. Qf4 Qe6 35. Qd2 Qe4 36. Rc5 Re7 37. Rc1 Qf3 38. Rd1 Rd7 39. Re1 Rd6 40. Re3
Qf5 41. Kg2 h5 42. f4 Rd7 43. Re5 Qf6 44. Kf2 Qb6+ 45. Rc5 g6 46. Kf3 Qd6 47.
Re5 Qc6+ 48. Ke3 Qh1 49. Re8 Qg1+ 50. Kf3 Qf1+ 51. Ke3 Rc7 52. Qxd3 Qe1+ 53.
Qe2 Rc3+ 54. Kd4 Qxg3 55. Re3 Rxe3 56. Qxe3 Qxe3+ 57. Kxe3 f6 58. Ke4 Kh6 59.
Kf3 Kg7 60. Ke4 Kf7 61. Kd5 g5 62. fxg5 fxg5 63. hxg5 h4 64. Ke4 Kg6 65. Kf4 h3
66. Kg3 Kxg5 67. Kxh3 Kf4 68. Kg2 Ke3 69. Kf1 Kd3 70. Ke1 Kc3 71. Ke2 Kb3 72.
Kd3 Kxa3 73. Kc3 Ka4 0-1

[Event "IX Open"]
[Site "Padova ITA"]
[Date "2006.12.19"]
[Round "4"]
[White "Battagin, Mose'"]
[Black "Del Monaco, Andrea"]
[Result "0-1"]
[WhiteElo "1847"]
[BlackElo "2248"]
[PlyCount "98"]
[EventDate "2006.12.16"]

1. e4 e6 2. d4 d5 3. Nc3 Nf6 4. e5 Nfd7 5. f4 c5 6. Nf3 Nc6 7. Be3 cxd4 8. Nxd4
Bc5 9. Qd2 O-O 10. O-O-O Nxd4 11. Bxd4 a6 12. Qe3 Bxd4 13. Qxd4 b5 14. Bd3 Qb6
15. Qxb6 Nxb6 16. Ne2 b4 17. Nd4 Nd7 18. Rhe1 Re8 19. Re3 Nc5 20. Nb3 Nxb3+ 21.
axb3 Bd7 22. g4 a5 23. f5 a4 24. bxa4 Rxa4 25. b3 Ra5 26. Rf1 Ra1+ 27. Kd2 Rxf1
28. Bxf1 exf5 29. gxf5 Bxf5 30. Bd3 Be6 31. Re1 Bd7 32. Bf1 g5 33. Bg2 Bf5 34.
c3 Ra8 35. Bxd5 Ra2+ 36. Ke3 bxc3 37. Rc1 Rd2 38. Be4 Bxe4 39. Kxe4 c2 40. b4
Kf8 41. Ke3 Rxh2 42. Kd4 Ke7 43. Kc5 Kd7 44. Kb6 Ke6 45. Kc7 Rh4 46. b5 Rc4+
47. Kb7 g4 48. b6 g3 49. Ka8 g2 0-1

[Event "IX Open"]
[Site "Padova ITA"]
[Date "2006.12.19"]
[Round "4"]
[White "Camosi, Roberto"]
[Black "Zanini, Andrea"]
[Result "1/2-1/2"]
[WhiteElo "1694"]
[BlackElo "1700"]
[PlyCount "126"]
[EventDate "2006.12.16"]

1. e4 d5 2. exd5 Qxd5 3. Nc3 Qd6 4. d4 a6 5. Nf3 Nf6 6. Be2 Bg4 7. h3 Bh5 8.
O-O e6 9. Re1 Be7 10. Bg5 O-O 11. Bxf6 Bxf6 12. Ne4 Qe7 13. Nxf6+ Qxf6 14. Ne5
Bxe2 15. Rxe2 Rd8 16. c3 Nd7 17. Qc2 Nxe5 18. Rxe5 Rd5 19. Qe4 c6 20. c4 Rxe5
21. dxe5 Qe7 22. Rd1 Rd8 23. Rd4 g6 24. Qd3 Rxd4 25. Qxd4 Qc7 26. c5 Qa5 27. a3
Kf8 28. Kh2 Ke8 29. Kg3 Qd8 30. Qe3 Qd5 31. b4 Ke7 32. Qg5+ Ke8 33. Qe3 Kf8 34.
f3 Kg7 35. h4 h5 36. Kh3 f6 37. exf6+ Kxf6 38. Qf4+ Qf5+ 39. Kg3 Qxf4+ 40. Kxf4
e5+ 41. Ke4 Ke6 42. g3 Kf6 43. f4 exf4 44. Kxf4 Ke6 45. Kg5 Kf7 46. Kf4 Kf6 47.
g4 hxg4 48. Kxg4 Ke6 49. Kg5 Kf7 50. Kg4 Ke6 51. Kf4 Kf6 52. a4 Ke6 53. Kg5 Kf7
54. Kh6 Kf6 55. Kh7 g5 56. hxg5+ Kxg5 57. Kg7 Kf5 58. Kf7 Ke5 59. Ke7 Kd5 60.
Kd7 Kc4 61. Kc7 Kxb4 62. Kxb7 Kxc5 63. Kxa6 Kb4 1/2-1/2

[Event "IX Open"]
[Site "Padova ITA"]
[Date "2006.12.19"]
[Round "4"]
[White "Carini, Massimo"]
[Black "Naumkin, Igor"]
[Result "0-1"]
[WhiteElo "2176"]
[BlackElo "2495"]
[PlyCount "62"]
[EventDate "2006.12.16"]

1. e4 e5 2. Nf3 Nc6 3. d3 Nf6 4. c3 d5 5. Nbd2 a5 6. Be2 Be7 7. O-O O-O 8. Re1
dxe4 9. dxe4 Bc5 10. h3 Qe7 11. Qc2 Nh5 12. Nf1 Nf4 13. Be3 Be6 14. Bxc5 Qxc5
15. Ne3 Qe7 16. Bc4 Bxc4 17. Nxc4 Qf6 18. Kh2 Nxh3 19. gxh3 Qxf3 20. Re3 Qf4+
21. Rg3 Nd8 22. Ne3 Ne6 23. Nd5 Qh4 24. Rag1 g6 25. Qc1 c6 26. Rg4 Qd8 27. Qh6
cxd5 28. Rh4 Re8 29. Qxh7+ Kf8 30. Qh8+ Ke7 31. Qxe5 Qc7 0-1

[Event "IX Open"]
[Site "Padova ITA"]
[Date "2006.12.19"]
[Round "4"]
[White "Ceccato, Alessandro"]
[Black "Mazzella, Riccardo"]
[Result "1-0"]
[WhiteElo "1700"]
[BlackElo "1371"]
[PlyCount "115"]
[EventDate "2006.12.16"]

1. e4 e5 2. Nf3 Nc6 3. Bb5 Nge7 4. c3 a6 5. Ba4 b5 6. Bb3 Bb7 7. Ng5 d5 8. Qf3
f6 9. exd5 Na5 10. Ne6 Qd6 11. Nxf8 Nxb3 12. axb3 Bxd5 13. Qg4 Kxf8 14. c4 bxc4
15. bxc4 Qb4 16. b3 Kf7 17. Ba3 h5 18. Qd7 Bc6 19. Qxc7 Qb7 20. Qxb7 Bxb7 21.
O-O Nc6 22. d3 Nd4 23. Nd2 Rad8 24. Ne4 Ne2+ 25. Kh1 Nf4 26. Nd6+ Rxd6 27. Bxd6
Bxg2+ 28. Kg1 Bxf1 29. Kxf1 Ra8 30. Rd1 a5 31. d4 Ke6 32. dxe5 fxe5 33. c5 Nd5
34. Re1 Kd7 35. Rxe5 Kc6 36. Rxh5 Rg8 37. Rh3 Nf6 38. f3 Ne8 39. Rh5 Nxd6 40.
cxd6 Kxd6 41. Rxa5 Kc7 42. Ra2 g5 43. h3 Rd8 44. Kg2 Rd4 45. Rb2 Rb4 46. Rc2+
Kd6 47. Rc3 Kd5 48. Kg3 Rh4 49. Rc4 Rxc4 50. bxc4+ Kxc4 51. Kg4 Kd5 52. Kxg5
Ke6 53. Kg6 Ke7 54. Kg7 Ke8 55. h4 Ke7 56. h5 Ke8 57. h6 Ke7 58. h7 1-0

[Event "IX Open"]
[Site "Padova ITA"]
[Date "2006.12.19"]
[Round "4"]
[White "Contini, Davide"]
[Black "Luciani, Valerio"]
[Result "0-1"]
[WhiteElo "2236"]
[BlackElo "2229"]
[PlyCount "32"]
[EventDate "2006.12.16"]

1. d4 d5 2. c4 c6 3. cxd5 cxd5 4. Nc3 Nf6 5. Nf3 Nc6 6. e3 g6 7. a3 Bg7 8. b4
O-O 9. Bd3 Bg4 10. b5 Na5 11. Bd2 Rc8 12. Qa4 Bxf3 13. gxf3 b6 14. e4 dxe4 15.
fxe4 Ng4 16. Ne2 Ne5 0-1

[Event "IX Open"]
[Site "Padova ITA"]
[Date "2006.12.19"]
[Round "4"]
[White "Cozzarin, Davide"]
[Black "De Santis, Alessio"]
[Result "0-1"]
[WhiteElo "1943"]
[BlackElo "2337"]
[PlyCount "72"]
[EventDate "2006.12.16"]

1. d4 g6 2. c4 Bg7 3. Nc3 d6 4. e4 Nd7 5. f3 a6 6. Be3 c5 7. d5 Qa5 8. Qd2 Ne5
9. h3 Qb4 10. Nd1 Qxd2+ 11. Bxd2 f5 12. f4 Nf7 13. Bc3 Nf6 14. exf5 gxf5 15.
Nf2 Rg8 16. Nf3 Nh5 17. Bxg7 Rxg7 18. Nd3 Ng3 19. Rg1 e5 20. fxe5 dxe5 21. Nxc5
Nd6 22. b3 Rc7 23. Ne6 Bxe6 24. dxe6 e4 25. Ne5 Ke7 26. Nd7 Kxe6 27. Nb6 Rd8
28. Kf2 Rg7 29. Rd1 Nf7 30. Rxd8 Nxd8 31. b4 Nc6 32. a3 f4 33. Nd5 Ke5 34. Be2
Nxe2 35. Kxe2 Nd4+ 36. Kf2 Rg3 0-1

[Event "IX Open"]
[Site "Padova ITA"]
[Date "2006.12.19"]
[Round "4"]
[White "De Marchi, Alessandro"]
[Black "Cardili, Mariano"]
[Result "0-1"]
[WhiteElo "1570"]
[BlackElo "2079"]
[PlyCount "70"]
[EventDate "2006.12.16"]

1. d4 d5 2. c4 c6 3. Nc3 Nf6 4. e3 a6 5. Nf3 b5 6. cxd5 cxd5 7. Bd3 Bg4 8. h3
Bh5 9. a4 b4 10. Nb1 e6 11. O-O Bd6 12. Nbd2 O-O 13. e4 dxe4 14. Nxe4 Be7 15.
Ng3 Bg6 16. Bxg6 hxg6 17. Be3 Nbd7 18. Rc1 Nb6 19. Ne5 Nfd5 20. h4 Nxe3 21.
fxe3 Nd5 22. Qf3 Bf6 23. Nc6 Qe8 24. e4 Ne7 25. e5 Nxc6 26. Rxc6 Bxh4 27. Ne4
Be7 28. Rfc1 Qd7 29. Rc7 Qxd4+ 30. Kh1 Bd8 31. Rb7 Qxe5 32. Rc5 Qxb2 33. Nd6
Bf6 34. Rcc7 Qa1+ 35. Kh2 Qe5+ 0-1

[Event "IX Open"]
[Site "Padova ITA"]
[Date "2006.12.19"]
[Round "4"]
[White "Dervishi, Erald"]
[Black "Laketic, Gojko"]
[Result "1/2-1/2"]
[WhiteElo "2545"]
[BlackElo "2441"]
[PlyCount "136"]
[EventDate "2006.12.16"]

1. e4 Nf6 2. e5 Nd5 3. d4 d6 4. Nf3 g6 5. Be2 Bg7 6. O-O O-O 7. c4 Nb6 8. Nc3
Nc6 9. exd6 cxd6 10. Be3 Bg4 11. b3 e6 12. h3 Bxf3 13. Bxf3 d5 14. cxd5 Nxd5
15. Nxd5 exd5 16. Rc1 Ne7 17. Qd2 Re8 18. Bg5 Qb6 19. Bxe7 Rxe7 20. Rc5 Rd8 21.
Rd1 Qe6 22. b4 h5 23. b5 Bf6 24. a4 Kg7 25. a5 Qf5 26. Qc1 Rd6 27. Rc8 Qd7 28.
Rc5 b6 29. axb6 axb6 30. Rc6 Ree6 31. Rxd6 Rxd6 32. Qa3 h4 33. Bg4 Qe7 34. Qc3
Rd8 35. Bf3 Qe6 36. Rc1 Qd6 37. Rd1 Qf4 38. Qe3 Qf5 39. Ra1 Qc2 40. Rd1 Qb2 41.
Qd3 Rd6 42. Bg4 Qb4 43. Bc8 Rd8 44. Bb7 Re8 45. Bxd5 Re1+ 46. Rxe1 Qxe1+ 47.
Qf1 Qd2 48. Bf3 Bxd4 49. Qe2 Qf4 50. Qc2 f5 51. Qd1 Kf6 52. Qc2 Qe5 53. Qe2 Qc5
54. Qf1 Be5 55. Qd3 Bd4 56. Qe2 Qc3 57. Qf1 Be5 58. Qd1 Kg5 59. Qd8+ Bf6 60.
Qd1 Bd4 61. Qe2 Qb4 62. Qf1 Be5 63. Qc1+ Bf4 64. Qd1 Kh6 65. Qa1 Kh7 66. Qa7+
Kh6 67. Qa1 Qd2 68. g3 Qc1+ 1/2-1/2

[Event "IX Open"]
[Site "Padova ITA"]
[Date "2006.12.19"]
[Round "4"]
[White "Dvirnyy, Danyyil"]
[Black "Rossi, Giampiero"]
[Result "1-0"]
[WhiteElo "2323"]
[BlackElo "1976"]
[PlyCount "73"]
[EventDate "2006.12.16"]

1. e4 c5 2. Nf3 e6 3. d4 cxd4 4. Nxd4 a6 5. Bd3 Nc6 6. Nxc6 dxc6 7. O-O e5 8.
Be3 Nf6 9. h3 Bd6 10. Nd2 O-O 11. a4 Be6 12. Qe2 Re8 13. Rfd1 Qe7 14. Bg5 Rad8
15. Nf1 h6 16. Bh4 g5 17. Bg3 Nh7 18. Ne3 Nf8 19. Qh5 Qf6 20. Re1 Bc7 21. Kh2
Rd4 22. Ng4 Bxg4 23. Qxg4 Ng6 24. Bf1 Qe6 25. Qf3 Nf4 26. b3 Red8 27. Rad1 Kg7
28. Rxd4 Rxd4 29. Rd1 Qd7 30. Rxd4 Qxd4 31. h4 b5 32. axb5 axb5 33. c3 Qd7 34.
hxg5 hxg5 35. c4 f6 36. cxb5 cxb5 37. Qe3 1-0

[Event "IX Open"]
[Site "Padova ITA"]
[Date "2006.12.19"]
[Round "4"]
[White "Giordan, Daniele"]
[Black "Belloni, Umberto"]
[Result "1-0"]
[WhiteElo "1897"]
[BlackElo "1908"]
[PlyCount "51"]
[EventDate "2006.12.16"]

1. e4 e6 2. d4 d5 3. Nd2 dxe4 4. Nxe4 Nf6 5. Nxf6+ gxf6 6. Nf3 c5 7. c3 cxd4 8.
Nxd4 a6 9. Be3 h5 10. Qf3 Be7 11. Bc4 Qc7 12. Bb3 Bd7 13. O-O-O Nc6 14. Nxc6
Bxc6 15. Qh3 a5 16. Rd4 a4 17. Bc2 Ra5 18. Rhd1 a3 19. b4 Rd5 20. Bf4 Qd8 21.
Rxd5 Bxd5 22. c4 Bxb4 23. cxd5 Qa5 24. dxe6 Bc3 25. exf7+ Kf8 26. Qc8+ 1-0

[Event "IX Open"]
[Site "Padova ITA"]
[Date "2006.12.19"]
[Round "4"]
[White "Navarro, Stefano"]
[Black "Litrico, Paolo"]
[Result "1-0"]
[WhiteElo "2228"]
[BlackElo "1691"]
[PlyCount "75"]
[EventDate "2006.12.16"]

1. e4 g6 2. d4 Bg7 3. Nc3 d6 4. Nf3 Nf6 5. h3 O-O 6. Be3 Nbd7 7. Bc4 a6 8. a4
Nb6 9. Bb3 Be6 10. Bxe6 fxe6 11. Qe2 Qd7 12. a5 Nc8 13. O-O Na7 14. Rfe1 Nh5
15. Qc4 c6 16. Ne2 d5 17. Qd3 Nb5 18. e5 Nc7 19. Bd2 Bh8 20. Ng5 Ng7 21. g4 Qe8
22. h4 h6 23. Nh3 Qf7 24. Bxh6 Qf3 25. Qxf3 Rxf3 26. Kg2 Raf8 27. Bf4 Rxh3 28.
Kxh3 Kh7 29. Be3 Rb8 30. b3 b6 31. axb6 Rxb6 32. Ra5 Nb5 33. Rea1 Nc7 34. Nc3
Nge8 35. Na4 Rb8 36. Nc5 Kg7 37. Nxa6 Nb5 38. Nxb8 1-0